Vivir en soledad : viudedad, soltería y abandono en el mundo rural : (España y América Latina, siglos XVI-XXI) /
Kaydedildi:
| Diğer Yazarlar: | |
|---|---|
| Materyal Türü: | Elektronik Ekitap |
| Dil: | İspanyolca Portekizce |
| Baskı/Yayın Bilgisi: |
Madrid : Frankfurt am Main :
Iberoamericana ; Vervuert,
[2020]
|
| Seri Bilgileri: | Tiempo emulado ;
70. |
| Konular: | |
| Online Erişim: | Digitalia Hispánica |
| Etiketler: |
Etiketle
Etiket eklenmemiş, İlk siz ekleyin!
|
MARC
| LEADER | 00000nam a2200000Ii 4500 | ||
|---|---|---|---|
| 001 | DIGIBE0774 | ||
| 003 | NyNyDIG | ||
| 006 | m o d | ||
| 007 | cr ||||||||||| | ||
| 008 | 220222s2020 sp a ob 000 0 spa d | ||
| 035 | |a (OCoLC)1155202825 | ||
| 040 | |a DGITA |b eng |e rda |e pn |c DGITA | ||
| 020 | |a 9783964569172 |q eBook |q pdf | ||
| 020 | |z 9788491920106 |q Iberoamericana | ||
| 020 | |z 9783964569165 |q Vervuert | ||
| 041 | 0 | |a spa |a por | |
| 043 | |a e-sp--- |a cl----- | ||
| 050 | 1 | 4 | |a HQ650 ebook |
| 245 | 0 | 0 | |a Vivir en soledad : |b viudedad, soltería y abandono en el mundo rural : (España y América Latina, siglos XVI-XXI) / |c Francisco García González (ed.) |
| 264 | 1 | |a Madrid : |b Iberoamericana ; |a Frankfurt am Main : |b Vervuert, |c [2020] | |
| 300 | |a 1 online resource : |b illustrations. | ||
| 336 | |a text |b txt |2 rdacontent | ||
| 337 | |a computer |b c |2 rdamedia | ||
| 338 | |a online resource |b cr |2 rdacarrier | ||
| 347 | |a text file |2 rdaft | ||
| 347 | |b PDF | ||
| 490 | 1 | |a Tiempo emulado : historia de América y España ; |v 70 | |
| 504 | |a Includes bibliographical references. | ||
| 546 | |a Texts in Spanish and Portuguese. | ||
| 588 | 0 | |a Online resource; title from PDF title page (Digitalia, viewed February 22, 2022) | |
| 650 | 0 | |a Rural families |z Spain |x History. | |
| 650 | 0 | |a Widows |z Spain |x Social conditions. | |
| 650 | 0 | |a Single people |z Spain |x Social conditions. | |
| 650 | 0 | |a Rural families |z Latin America |x History. | |
| 650 | 0 | |a Widows |z Latin America |x Social conditions. | |
| 650 | 0 | |a Single people |z Latin America |x Social conditions. | |
| 651 | 0 | |a Spain |x Rural conditions. | |
| 651 | 0 | |a Latin America |x Rural conditions. | |
| 655 | 0 | |a Electronic books. | |
| 700 | 1 | |a García González, Francisco, |d 1963 September 20- |e editor. | |
| 791 | 2 | |a Digitalia (Firm), |e distributor. | |
| 793 | 0 | |g Digitalia eBook Collection: |a Iberoamericana/Vervuert | |
| 776 | 0 | 8 | |i Print version: |t Vivir en soledad. |d Madrid : Iberoamericana ; Frankfurt am Main : Vervuert, [2020] |z 9788491920106 |
| 830 | 0 | |a Tiempo emulado ; |v 70. | |
| 856 | 4 | 0 | |3 Digitalia Hispánica |u https://digitalia.unach.elogim.com/a/79136/ |
| 910 | |a Premium collection: 2022 | ||